| 000 | 01035cam a2200265 i 4500 | ||
|---|---|---|---|
| 003 | SA-RiAUC | ||
| 005 | 20240905144428.0 | ||
| 008 | 240905s1999 su g 00010 ara c | ||
| 020 | _a9960800393 | ||
| 040 |
_aKW-ShULA _bara _cSA-RiAUC _erda |
||
| 082 | 0 | 4 |
_a253.4 _bس ع ي |
| 090 |
_a253.4 _bس ع ي |
||
| 100 | 1 |
_aالسعيدي، عبد الله بن محمد بن حسن _eمؤلف. |
|
| 245 | 1 | 2 |
_aالربا في المعاملات المصرفية المعاصرة/ _cعبد الله بن محمد بن حسن السعيدي. |
| 250 | _aالطبعة الأولى. | ||
| 264 | 1 |
_aالرياض : _bدار طيبة للنشر والتوزيع، _c1999 |
|
| 300 |
_a2 مجلد (1445 صفحة ) ؛ _c24 سم |
||
| 336 |
_aنص _btxt _2rdacontent _3كتاب |
||
| 337 |
_aبدون وسيط _bn _2rdamedia |
||
| 338 |
_aمجلد _bnc _2rdacarrier |
||
| 650 | 7 |
_aالربا (فقه إسلامي) _2aucsh |
|
| 650 | 7 |
_aالمعاملات (فقه إسلامي) _2aucsh |
|
| 942 |
_2ddc _cBOOK |
||
| 949 |
_aSA-JeALM _d240905 _ukhaled123 _n1 |
||
| 999 |
_c60 _d60 |
||